000 04077cam a2200349 i 4500
001 768714001
003 CO-MdFUSB
005 20220711084148.0
007 ta
008 130122t2013 miu b 001 0 eng
020 _a0802826148
040 _aDLC
_beng
_erda
_cCO-MdFUSB
_dYDX
_dYDXCP
_dBTCTA
_dBDX
_dCVN
_dSP1
_dLNT
_dOCLCF
_dCDX
_dCHVBK
_dSGB
_dUtOrBLW
041 _aeng
082 _223
_a222.1507
_bL962
100 1 _aLundbom, Jack R.
_eautor
245 1 0 _aDeuteronomy :
_ba commentary /
_cJack R. Lundbom.
264 1 _aGrand Rapids, Michigan :
_bWilliam B. Eerdmans Publishing Company,
_c[2013]
264 4 _c© 2013
300 _a1,034 páginas ;
_c24 cm.
336 _atexto
_2rdacontent.
337 _asin mediación
_2rdamedia.
_bn
338 _avolumen
_2rdacarrier.
_bnc
504 _aIncluye referencias bibliográficas e índice.
505 _aNombre y canonicidad -- Texto y versiones -- Rollos de Qumran -- Divisiones de párrafos -- Papiros de Deuteronomio -- Fecha, composición y autoría. La reforma josiánica -- La búsqueda de Urdeuteronomium -- Procedencia del norte -- La reforma de Ezequías -- Una nueva búsqueda de Urdeuteronomium -- La cuestión de la autoría -- Tratados del antiguo Cercano Oriente -- Retórica hebrea antigua. Prosa retórica -- Ley predicada -- Retórica y composición -- El código de derecho deuteronómico. Ley bíblica anterior -- Ley bíblica posterior -- Códigos de leyes del antiguo Cercano Oriente -- Deuteronomio y los profetas. Amós -- Oseas -- Miqueas -- Isaías -- Jeremías -- Deuteronomio y Sabiduría. Trato humano y benevolencia hacia los pobres y necesitados -- Enseñanza de los niños -- Bendición: vida, bondad y longevidad en la tierra -- Evitar la vergüenza -- Discernir los falsos de los verdaderos profetas -- Ideas teológicas en Deuteronomio. El nombre de Yahweh - Yahweh el único Dios - Yahweh un Dios santo - Yahweh se oye pero no se ve - Yahweh un Dios de amor - Yahweh un Dios fiel a sus promesas - Yahweh un Dios justo - Yahweh un juez imparcial -- Israel un pueblo santo -- La elección de Israel -- El pacto en Horeb (Sinai) -- La tierra como don y tenencia en la tierra -- Guerra santa -- Bendición divina -- Obligaciones del pacto - - El libro de Deuteronomio. La primera edición (1-28) -- Primer suplemento (29-30) -- Segundo suplemento (31-34) -- Deuteronomio y el Nuevo Testamento. Los Evangelios sinópticos -- El Evangelio de Juan y las Epístolas de Juan -- Los Hechos de los Apóstoles -- Las cartas de Pablo y Deutero-Paulinas -- La Epístola de Santiago -- La Epístola a los Hebreos -- El Apocalipsis de San Juan.
520 _aEste comentario histórico de Jack Lundbom está destinado a todos y cada uno de los lectores que desean conocer y comprender mejor el libro clave del Pentateuco de Deuteronomio, que ha tenido una gran influencia tanto en el judaísmo como en el cristianismo a lo largo de los siglos. Para los judíos, el Deuteronomio contiene el Decálogo y el Shemá -- "Escucha, oh Israel, el Señor nuestro Dios es uno" (6:4) -- complementado por un código de legislación primordial. El Deuteronomio es muy citado en el Nuevo Testamento y ha llegado a ocupar un lugar importante en la vida y doctrina de la iglesia cristiana. Plantea importantes temas de sabiduría, como el trato humano y la benevolencia hacia los pobres y necesitados, y es rico en teología, llamando repetidamente a Israel a rechazar a otros dioses y adorar solo al Señor como santo. Además de basarse en el lenguaje, la arqueología y el material comparativo del Cercano Oriente, el comentario de Lundbom emplea la crítica retórica para explicar el texto bíblico. Lundbom también cita la interpretación judía posterior del libro de Deuteronomio y hace numerosas conexiones con el Nuevo Testamento. Un apéndice contiene todas las citas de Deuteronomio en el Nuevo Testamento. -
563 _aRústico
630 7 _aBiblia.
_pDeuteronomio
_xCrítica, interpretación, etc.
655 7 _aCommentaries.
942 _cBK
945 _aJTF-925
999 _c67685
_d67685